<?xml version="1.0" encoding="UTF-8"?>
<record
    xmlns:xsi="http://www.w3.org/2001/XMLSchema-instance"
    xsi:schemaLocation="http://www.loc.gov/MARC21/slim http://www.loc.gov/standards/marcxml/schema/MARC21slim.xsd"
    xmlns="http://www.loc.gov/MARC21/slim">

  <leader>00286nam a22001337a 4500</leader>
  <controlfield tag="003">SGT</controlfield>
  <datafield tag="020" ind1=" " ind2=" ">
    <subfield code="a">817409073-8</subfield>
  </datafield>
  <datafield tag="082" ind1=" " ind2=" ">
    <subfield code="a">621.042</subfield>
    <subfield code="b">N18R</subfield>
  </datafield>
  <datafield tag="100" ind1=" " ind2=" ">
    <subfield code="a">RAI, G.D</subfield>
  </datafield>
  <datafield tag="245" ind1=" " ind2=" ">
    <subfield code="a">NON-CONVENTIONAL ENERGY SOURCES </subfield>
  </datafield>
  <datafield tag="260" ind1=" " ind2=" ">
    <subfield code="a">DELHI</subfield>
    <subfield code="b">KHANNA</subfield>
    <subfield code="c">2018</subfield>
  </datafield>
  <datafield tag="300" ind1=" " ind2=" ">
    <subfield code="a">696</subfield>
  </datafield>
  <datafield tag="942" ind1=" " ind2=" ">
    <subfield code="2">ddc</subfield>
    <subfield code="c">BK</subfield>
    <subfield code="0">3</subfield>
  </datafield>
  <datafield tag="952" ind1=" " ind2=" ">
    <subfield code="0">0</subfield>
    <subfield code="1">0</subfield>
    <subfield code="2">ddc</subfield>
    <subfield code="4">0</subfield>
    <subfield code="7">0</subfield>
    <subfield code="8">FS</subfield>
    <subfield code="a">SSSL</subfield>
    <subfield code="b">SSSL</subfield>
    <subfield code="c">TXT</subfield>
    <subfield code="d">2019-02-27</subfield>
    <subfield code="e">BIO- GREEN</subfield>
    <subfield code="g">499.00</subfield>
    <subfield code="i">SGTU</subfield>
    <subfield code="l">4</subfield>
    <subfield code="o">621.042 N18R</subfield>
    <subfield code="p">AG76</subfield>
    <subfield code="r">2021-04-13 00:00:00</subfield>
    <subfield code="s">2021-04-09</subfield>
    <subfield code="w">2019-02-05</subfield>
    <subfield code="y">BK</subfield>
    <subfield code="k">LB-3403</subfield>
  </datafield>
  <datafield tag="952" ind1=" " ind2=" ">
    <subfield code="0">0</subfield>
    <subfield code="1">0</subfield>
    <subfield code="2">ddc</subfield>
    <subfield code="4">0</subfield>
    <subfield code="7">0</subfield>
    <subfield code="8">FS</subfield>
    <subfield code="a">SSSL</subfield>
    <subfield code="b">SSSL</subfield>
    <subfield code="c">TXT</subfield>
    <subfield code="d">2019-02-27</subfield>
    <subfield code="e">BIO- GREEN</subfield>
    <subfield code="g">499.00</subfield>
    <subfield code="i">SGTU</subfield>
    <subfield code="l">6</subfield>
    <subfield code="o">621.042 N18R</subfield>
    <subfield code="p">AG77</subfield>
    <subfield code="r">2024-04-01 00:00:00</subfield>
    <subfield code="s">2024-03-21</subfield>
    <subfield code="w">2019-02-05</subfield>
    <subfield code="y">BK</subfield>
    <subfield code="k">LB-3403</subfield>
  </datafield>
  <datafield tag="952" ind1=" " ind2=" ">
    <subfield code="0">0</subfield>
    <subfield code="1">0</subfield>
    <subfield code="2">ddc</subfield>
    <subfield code="4">0</subfield>
    <subfield code="7">0</subfield>
    <subfield code="8">FS</subfield>
    <subfield code="a">SSSL</subfield>
    <subfield code="b">SSSL</subfield>
    <subfield code="c">TXT</subfield>
    <subfield code="d">2019-02-27</subfield>
    <subfield code="e">BIO- GREEN</subfield>
    <subfield code="g">499.00</subfield>
    <subfield code="i">SGTU</subfield>
    <subfield code="l">4</subfield>
    <subfield code="o">621.042 N18R</subfield>
    <subfield code="p">AG78</subfield>
    <subfield code="r">2024-04-10 00:00:00</subfield>
    <subfield code="s">2024-03-26</subfield>
    <subfield code="w">2019-02-05</subfield>
    <subfield code="y">BK</subfield>
    <subfield code="k">LB-3403</subfield>
  </datafield>
  <datafield tag="952" ind1=" " ind2=" ">
    <subfield code="0">0</subfield>
    <subfield code="1">0</subfield>
    <subfield code="2">ddc</subfield>
    <subfield code="4">0</subfield>
    <subfield code="7">0</subfield>
    <subfield code="8">FS</subfield>
    <subfield code="a">SSSL</subfield>
    <subfield code="b">SSSL</subfield>
    <subfield code="c">TXT</subfield>
    <subfield code="d">2019-02-27</subfield>
    <subfield code="e">BIO- GREEN</subfield>
    <subfield code="g">499.00</subfield>
    <subfield code="i">SGTU</subfield>
    <subfield code="l">2</subfield>
    <subfield code="o">621.042 N18R</subfield>
    <subfield code="p">AG79</subfield>
    <subfield code="r">2019-05-27 00:00:00</subfield>
    <subfield code="s">2019-05-20</subfield>
    <subfield code="w">2019-02-05</subfield>
    <subfield code="y">BK</subfield>
    <subfield code="k">LB-3403</subfield>
  </datafield>
  <datafield tag="952" ind1=" " ind2=" ">
    <subfield code="0">0</subfield>
    <subfield code="1">0</subfield>
    <subfield code="2">ddc</subfield>
    <subfield code="4">0</subfield>
    <subfield code="7">0</subfield>
    <subfield code="8">FS</subfield>
    <subfield code="a">SSSL</subfield>
    <subfield code="b">SSSL</subfield>
    <subfield code="c">TXT</subfield>
    <subfield code="d">2019-02-27</subfield>
    <subfield code="e">BIO- GREEN</subfield>
    <subfield code="g">499.00</subfield>
    <subfield code="i">SGTU</subfield>
    <subfield code="l">5</subfield>
    <subfield code="o">621.042 N18R</subfield>
    <subfield code="p">AG80</subfield>
    <subfield code="r">2021-08-17 00:00:00</subfield>
    <subfield code="s">2021-08-14</subfield>
    <subfield code="w">2019-02-05</subfield>
    <subfield code="y">BK</subfield>
    <subfield code="k">LB-3403</subfield>
  </datafield>
  <datafield tag="999" ind1=" " ind2=" ">
    <subfield code="c">17015</subfield>
    <subfield code="d">17015</subfield>
  </datafield>
</record>
